00971nam a2200277 i 450000100060000000300090000600500170001500700030003200800410003502000180007608000210009410000240011524501960013924600160033525000120035126000830036330000220044649000300046850000330049870000220053170000230055370000320057671000330060883000300064185200220067115425ES-MaACL20250827222021.0t|000308s1989 sp |||| | spa d a84-7585-225-4 a821.134.2-14"19"1 aAranguren, Jorge G.10aFuego lento b= Gar mantsoa / cJorge G. Aranguren ; estudio introductorio y entrevista Fernando Aramburu ; versión en euskera Felipe Juaristi ; bibliografía y edición Félix Maraña.31aGar mantsoa a1ª ed. aLeioa : bUniversidad del País Vasco = Euskal Herriko Unibertsitatea,c1989. a551 p. ; c24 cm.1 aPoesía vasca, hoy ; v2 aTexto en castellano y vasco.1 aJuaristi, Felipe.1 aMaraña, Félix.1 aAramburu, Fernando, d1959-2 aUniversidad del País Vasco0 aPoesía vasca, hoy ; v2 aES-MaACLjL-22490